Statistics for Map of Africa by Flag Colours

Click here to take the quiz!

General Stats

  • This quiz has been taken 3,273 times
  • The average score is 130 of 198

Answers on the Map

Answers color-coded by a green-red scale on the quiz's map according to % correct below.
 

Answer Stats

CountryColour% Correct
AlgeriaGreen
95%
AlgeriaRed
93%
AlgeriaWhite
93%
MoroccoBright Red
91%
EgyptLight Maroon
86%
MoroccoPalm Green
86%
EgyptBlack
85%
EgyptWhite
85%
LibyaRed
84%
LibyaBlack
83%
EgyptGold
83%
LibyaGreen
83%
LibyaWhite
83%
TunisiaRed
80%
TunisiaWhite
80%
ChadRed
76%
Cape VerdeBlue
75%
ChadBlue
75%
ChadGold
75%
SudanGreen
75%
EthiopiaGreen
75%
SudanRed
75%
EritreaRed
75%
EthiopiaRed
75%
SudanWhite
75%
SudanBlack
74%
EritreaGreen
74%
CameroonGreen
74%
Burkina FasoGreen
74%
DjiboutiGreen
74%
DjiboutiLight Blue
74%
Cape VerdeRed
74%
Burkina FasoRed
74%
CameroonRed
74%
DjiboutiRed
74%
Cape VerdeWhite
74%
DjiboutiWhite
74%
EthiopiaYellow
74%
Burkina FasoYellow
74%
EthiopiaBlue
73%
NigerGreen
73%
MauritaniaGreen
73%
NigerOrange
73%
SomaliaWhite
73%
NigerWhite
73%
CameroonYellow
73%
EritreaYellow
73%
SomaliaBlue
72%
EritreaBlue
72%
MaliGreen
72%
BeninGreen
72%
MaliRed
72%
MauritaniaRed
72%
BeninRed
72%
BeninYellow
72%
MauritaniaYellow
72%
Cape VerdeYellow
72%
MaliYellow
72%
GhanaGreen
71%
Ivory CoastGreen
71%
NigeriaGreen
71%
AngolaRed
71%
GhanaRed
71%
LiberiaRed
71%
NigeriaWhite
71%
Ivory CoastWhite
71%
LiberiaWhite
71%
GhanaYellow
71%
AngolaBlack
70%
KenyaBlack
70%
LiberiaBlue
70%
Ghana
Black
70%
KenyaGreen
70%
Ivory CoastOrange
70%
GuineaRed
70%
KenyaRed
70%
GambiaRed
70%
KenyaWhite
70%
AngolaYellow
70%
GambiaBlue
69%
Central African Rep.Blue
69%
Central African Rep.Green
69%
GuineaGreen
69%
SenegalGreen
69%
GambiaGreen
69%
Guinea-BissauRed
69%
Central African Rep.Red
69%
SenegalRed
69%
Central African Rep.White
69%
GambiaWhite
69%
GuineaYellow
69%
D. R. CongoBlue
68%
Central African Rep.Yellow
68%
SenegalYellow
68%
Guinea-BissauBlack
67%
Guinea-BissauGreen
67%
D. R. CongoRed
67%
D. R. CongoYellow
67%
Guinea-BissauYellow
67%
South SudanBlack
66%
South SudanBlue
66%
South SudanGold
66%
South SudanGreen
66%
BurundiRed
66%
South SudanRed
66%
South SudanWhite
66%
BurundiGreen
65%
Sierra LeoneLight Blue
65%
Sierra LeoneLight Green
65%
Sierra LeoneWhite
65%
BurundiWhite
65%
GabonGreen
64%
TogoRed
64%
UgandaBlack
63%
GabonGold
63%
TogoGreen
63%
BotswanaLight Blue
63%
UgandaRed
63%
TogoWhite
63%
UgandaYellow
63%
TogoYellow
63%
BotswanaBlack
62%
GabonBlue
62%
Rep. CongoGreen
62%
Equatorial GuineaGreen
62%
Equatorial GuineaRed
62%
Rep. CongoRed
62%
BotswanaWhite
62%
UgandaWhite
62%
Equatorial GuineaBlue
61%
TanzaniaGreen
61%
Equatorial GuineaWhite
61%
Rep. CongoYellow
61%
TanzaniaBlack
60%
MalawiGreen
60%
RwandaLight Blue
60%
TanzaniaLight Blue
60%
MalawiRed
60%
MadagascarRed
60%
TanzaniaYellow
60%
MalawiBlack
59%
MozambiqueGreen
59%
RwandaGreen
59%
MadagascarGreen
59%
MozambiqueRed
59%
MadagascarWhite
59%
RwandaYellow
59%
MozambiqueBlack
58%
ComorosGreen
58%
São Tomé & PríncipeGreen
58%
ComorosRed
58%
São Tomé & PríncipeRed
58%
MozambiqueWhite
58%
ComorosWhite
58%
MozambiqueYellow
58%
São Tomé & PríncipeBlack
57%
ComorosBlue
57%
ComorosYellow
57%
São Tomé & PríncipeYellow
57%
South AfricaBlack
56%
SeychellesBlue
56%
NamibiaBlue
56%
South AfricaGold
56%
NamibiaGold
56%
South AfricaGreen
56%
NamibiaGreen
56%
ZambiaGreen
56%
SeychellesRed
56%
NamibiaRed
56%
MauritiusRed
56%
MauritiusBlue
55%
EswatiniBlue
55%
SeychellesGreen
55%
MauritiusGreen
55%
South AfricaRed
55%
South AfricaWhite
55%
NamibiaWhite
55%
SeychellesWhite
55%
MauritiusYellow
55%
SeychellesYellow
55%
ZambiaBlack
54%
South AfricaBlue
54%
EswatiniRed
54%
ZambiaRed
54%
EswatiniBlack
53%
EswatiniWhite
53%
EswatiniYellow
53%
LesothoBlue
52%
LesothoGreen
52%
ZambiaOrange
52%
LesothoWhite
52%
LesothoBlack
51%
ZimbabweBlack
47%
ZimbabweGreen
47%
ZimbabweRed
47%
ZimbabweWhite
47%
ZimbabweYellow
47%
UgandaGrey
42%

Score Distribution

Percentile by Number Answered

Percent of People with Each Score

Your Score History

You have not taken this quiz